| 000 | 00647nam a2200217 i 4500 | ||
|---|---|---|---|
| 001 | 70710 | ||
| 003 | ES-MaACL | ||
| 005 | 20230906170909.0 | ||
| 007 | t| | ||
| 008 | 040802s1973 sp ||||1| spa d | ||
| 100 | 1 |
_aGarmendía Galdós, José A. _9169868 |
|
| 245 | 1 | 0 |
_aEsquema del delito en España / _cJosé A. Garmendia. |
| 250 | _a[1ª ed.]. | ||
| 260 |
_a[Barcelona] : _bPlaza & Janés, _c[1973] |
||
| 300 |
_a252 p. ; _c20 cm. |
||
| 490 | 1 |
_aTestigos de España ; _v8 |
|
| 650 | 4 |
_aDelincuencia- _zEspaña. _9151684 |
|
| 830 | 0 |
_aTestigos de España ; _v8 _9181879 |
|
| 852 |
_aES-MaACL _jC-52017 _bR.85265 |
||
| 999 |
_c70710 _d70710 |
||